| 000 | 00749nam a22002297a 4500 | ||
|---|---|---|---|
| 999 |
_c11474 _d11474 |
||
| 003 | AR-CdUCM | ||
| 008 | 190404b ||||| |||| 00| 0 spa d | ||
| 020 | _a9972-728-95-1 | ||
| 040 |
_aMUNICIPALIDAD PROVINCIAL DEL CUSCO _cBIBLIOTECA MUNICIPAL DEL CUSCO |
||
| 082 |
_aEP / 372.4 / _bN29 |
||
| 245 | _aLecturas escogidas 2 / | ||
| 260 |
_aLima ; _bFondo editorial Navarrete, |
||
| 300 |
_a79 paginas ; _bIlustraciones, _c27 cm. |
||
| 440 |
_aColección, Unicornio Azul _928854 |
||
| 505 | _aContenido :Lecturas escolares / | ||
| 650 |
_aEducación primaria _91561 |
||
| 650 |
_aLecturas escolares _928855 |
||
| 700 |
_aLuis Navarrete L. _927238 |
||
| 710 |
_aCorporación gráfica Navarrete _928585 |
||
| 942 |
_2ddc _cLIBROS |
||
| 945 | _arjall | ||